[Event "VII Sunway Sitges Open 2020"]
[Site "Sitges"]
[Date "2020.12.17"]
[Round "5.8"]
[White "Nevednichy, Vladislav"]
[Black "Garcia Martin, Marta"]
[Result "1/2-1/2"]
[WhiteElo "2546"]
[BlackElo "2342"]
[Annotator "TA"]
[PlyCount "157"]
[EventDate "2020.12.13"]
[EventType "swiss"]
[EventCountry "ESP"]
[SourceTitle "playchess.com"]
[Source "ChessBase"]
[SourceQuality "1"]

{[%evp 9,157,12,44,20,22,10,29,14,21,0,0,7,27,15,9,16,32,33,40,35,34,19,34,0,12,0,31,18,22,22,27,29,26,30,23,28,38,30,32,27,38,32,42,19,79,16,37,29,136,142,133,0,0,0,0,0,0,0,0,-19,0,0,0,0,0,0,0,0,0,0,0,0,0,0,0,-6,-6,-6,-7,0,0,-88,-32,-60,0,0,0,0,0,0,0,-19,-19,-38,-15,-15,-15,-15,-15,-17,0,0,0,0,0,0,0,0,2,0,0,0,0,0,24,24,24,24,24,24,24,24,24,24,29978,29979,29979,29980,29980,29981,29980,24,24,24,24,0,24,24,24,0,0,0,0,0,0,0,0,0,0,0]} 1. e4 c5 2. Nf3 e6 3. d4 cxd4 4. Nxd4 Nc6 5. Nc3 Qc7 6. Qd3 {B47: Sicilian: Taimanov: 5 Nc3 Qc7 6 f4, 6 g3 and 6 Be2.} Nxd4 7. Qxd4 a6 8. Be3 {White has an edge.} b5 9. Be2 Bb7 10. O-O {[#]} b4 $146 ({Predecessor:} 10... Ne7 11. Rad1 Nc6 12. Qd2 Rd8 13. Rfe1 Ne5 14. Bd4 Bc5 15. Bxb5 Ng4 16. Bxc5 Qxc5 {0-1 (36) Beerdsen,T (2477)-Perunovic,M (2597) Skopje 2018}) 11. Na4 Nf6 12. Nb6 Rb8 13. e5 Nd5 14. Nxd5 Bxd5 15. c4 bxc3 16. bxc3 Ba3 17. Qg4 O-O ({Wrong is} 17... Qxe5 $2 18. Bf4 $18) 18. c4 Bc6 19. Bh6 {[%csl Gh6][%cal Rg4g7]} Qxe5 {Strongly threatening ...f5.} 20. Bf4 Qa5 21. Bxb8 $40 {[%mdl 128] White has some attack.} Rxb8 22. Bf3 Ba4 23. Rab1 Rf8 24. Qd4 Bc5 25. Qd3 Qc7 26. g3 f5 (26... a5 $11) 27. Kg2 (27. Rb7 $16 Qe5 28. Qd2) 27... g5 28. h3 g4 (28... Be7 $11 {remains equal.}) 29. hxg4 $16 fxg4 30. Bxg4 (30. Be4 $16) 30... Bc6+ $11 31. f3 Rf6 $1 32. Rh1 Rg6 {With the idea ...Rxg4.} 33. Rh5 Rxg4 $1 34. Qxh7+ {[#]} Kf8 $1 {[#]} 35. Rf5+ $1 {[%mdl 512]} exf5 36. Qxf5+ {[%mdl 64] [#] Double Attack} Ke8 $1 37. Qxg4 Qe5 38. Qg6+ Ke7 39. Qh7+ Kd6 40. Qh6+ Ke7 41. Qh7+ Kd6 42. Qh6+ Kc7 43. Qf4 Qxf4 44. gxf4 Kd6 45. Rd1+ {[#]} (45. Kg3 $11 {keeps the balance.}) 45... Ke6 (45... Ke7 $1 $17) 46. Kg3 $15 a5 (46... d6 $15) 47. Kg4 $11 Kf6 48. Rh1 d6 49. f5 Be8 50. Rh8 Bf7 51. Ra8 Bb4 {[%mdl 1024] Black has compensation.} 52. a3 Bxa3 {And now ...Bb4 would win.} 53. Rxa5 Bc5 54. Ra4 Ke5 55. Kg5 Be3+ 56. Kg4 Bb6 57. Kg5 Bd8+ 58. Kg4 Bf6 59. Ra5+ Kd4 60. c5 dxc5 {...c4 is the strong threat.} 61. Ra6 {Cut Off at move 61} Bh8 {Threatens to win with ...c4.} 62. Rh6 Be5 63. f4 c4 {Hoping for ...Bb8.} 64. fxe5 Kxe5 {[%mdl 4096] Endgame KR-KB} 65. Rc6 Bd5 66. f6 {aiming for Rc5!} Kd4 $2 {[%mdl 8192] [#]} (66... Bxc6 $2 {too greedy.} 67. f7 $18) (66... c3 $11) 67. Rd6 $1 c3 68. f7 $1 c2 69. f8=Q c1=Q {KQR-KQB} 70. Qg7+ $2 (70. Qf2+ {mates} Kc4 71. Qa2+ Kb4 72. Qxd5 Qg1+ 73. Kf5 Qf2+ 74. Ke6 Qe3+ 75. Kf7) 70... Ke4 71. Qg6+ Kd4 72. Qg7+ Ke4 {( -> ...Qg1+)} 73. Qe7+ Kd4 74. Qa7+ Ke5 {The position is equal.} 75. Rxd5+ Kxd5 76. Qd7+ Ke4 77. Qf5+ Kd4 78. Qf4+ Qxf4+ 79. Kxf4 {Weighted Error Value: White=0.13/Black=0.13} 1/2-1/2

[Event "VII Sunway Sitges Open 2020"]
[Site "Sitges"]
[Date "2020.12.17"]
[Round "5.9"]
[White "Maurizzi, Marc Andria"]
[Black "Krysa, Leandro"]
[Result "1/2-1/2"]
[WhiteElo "2445"]
[BlackElo "2531"]
[Annotator "TA"]
[PlyCount "55"]
[EventDate "2020.12.13"]
[EventType "swiss"]
[EventCountry "ESP"]
[SourceTitle "playchess.com"]
[Source "ChessBase"]
[SourceQuality "1"]

{[%evp 12,55,51,32,31,33,43,-39,-34,-66,-40,-98,21,24,61,68,298,283,281,262,277,197,295,289,295,187,215,220,200,83,72,38,99,0,0,-38,0,0,0,-66,0,0,0,-60,0,0]} 1. c4 c5 2. Nf3 Nf6 3. Nc3 d5 4. cxd5 Nxd5 5. e4 Nb4 6. Bc4 Be6 7. Bxe6 {And now Bc4 would win.} Nd3+ {A34: Symmetrical English: 2 Nc3, lines with ...d5.} 8. Kf1 fxe6 9. Qb3 (9. Ng5 $1 $14) 9... Qd7 $15 {Black is slightly better.} 10. Ng5 Nc6 $1 {[#]} 11. Nb5 $146 (11. f3 $15) ({Predecessor:} 11. Qxe6 Qxe6 12. Nxe6 Kd7 13. Ng5 Nd4 14. f3 g6 15. Nh3 Bh6 16. Nf2 {1-0 (55) Grachev,B (2510)-Nepomniachtchi,I (2506) Cheboksary 2006}) 11... O-O-O (11... Ncb4 $17 12. Nxe6 Rc8) 12. Nxe6 $11 a6 13. Nbc7 $1 $36 {[%cal Rc7d5][%mdl 2048] Nd5 is the strong threat. White has good play.} Qxc7 $2 (13... Na5 $14 14. Qb6 Qc6 15. Qxc6 Nxc6) 14. Nxc7 $18 Kxc7 15. h4 Rd4 16. Qe6 h5 (16... g6 {might work better.} 17. f3 Bg7) 17. Rh3 Nce5 {If only Black now had time for ...Rh6....} 18. f3 Rh6 {[#]} 19. Qg8 $1 {[%cal Rg8f8]} Rf6 20. Kg1 (20. b3 $18) 20... g6 $16 21. b4 {Threatens to win with Rg3.} c4 {[#]} (21... e6 $1 $14) 22. Ba3 (22. Rb1 $1 $16 Rd8 23. f4 Nxf4 24. Re3) 22... Rd8 $1 $11 23. Rg3 {Strongly threatening f4.} Bh6 {[%mdl 1024] Black has compensation.} (23... e6 $5 {[%cal Rf8c5]} 24. Kf1 Rf7 25. Rxg6 Be7 26. Qxf7 Nxf7 $15) 24. Qh7 {[%mdl 64] Double Attack} Bf8 25. Qg8 $1 {Black must now prevent f4.} Bh6 (25... e6 $5 {[%cal Rf8c5]} 26. Kf1 Rf7 27. Rxg6 Be7 28. Qxf7 Nxf7 $15) 26. Qh7 {[%mdl 64] Double Attack} Bf8 27. Qg8 $1 {aiming for f4.} Bh6 ({Black should try} 27... e6 $1 $15 28. Kf1 Rf7 29. Rxg6 Be7 30. Qxf7 Nxf7) 28. Qh7 {[%mdl 64] Double Attack. White really could win this. Accuracy: White = 45%, Black = 60%.} 1/2-1/2

[Event "VII Sunway Sitges Open 2020"]
[Site "Sitges"]
[Date "2020.12.17"]
[Round "5.10"]
[White "Lopez Martinez, Josep Manuel"]
[Black "Jimenez Ruano, Adrian"]
[Result "1-0"]
[WhiteElo "2542"]
[BlackElo "2279"]
[Annotator "TA"]
[PlyCount "106"]
[EventDate "2020.12.13"]
[EventType "swiss"]
[EventCountry "ESP"]
[SourceTitle "playchess.com"]
[Source "ChessBase"]
[SourceQuality "1"]

{[%evp 21,106,0,0,4,36,41,43,53,41,40,35,59,63,53,91,48,93,81,87,69,84,82,82,89,87,34,54,21,94,85,94,87,79,81,132,124,134,126,135,93,95,83,83,97,86,70,78,61,72,0,93,72,81,72,104,72,85,90,135,72,72,70,142,146,307,321,304,281,269,273,354,354,354,354,334,115,120,119,312,260,392,387,385,379,839,820,29987]} 1. d4 Nf6 2. c4 e6 3. Nc3 Bb4 4. f3 d5 5. a3 Bxc3+ 6. bxc3 c5 7. cxd5 Nxd5 8. dxc5 Qa5 9. e4 Nf6 10. Be3 Nfd7 11. Qb3 O-O 12. a4 {E25: Nimzo-Indian: Sämisch: 5...c5 6 f3 d5 7 cxd5.} Nc6 13. Bb5 a6 14. Bxc6 {White is slightly better.} bxc6 15. Qb4 {[#]} Qc7 $146 ({Predecessor:} 15... Qxb4 16. cxb4 Rb8 17. Rb1 Ne5 18. Kd2 Nc4+ 19. Kd3 Nxe3 20. Kxe3 a5 21. Ne2 axb4 {1-0 (43) Lampen,T (2275)-Heinimaki,L (2065) Jyvaskyla 1997}) 16. Ne2 Rb8 17. Qd4 Rb2 18. Bc1 Rb3 19. O-O e5 20. Qc4 Qb7 21. Be3 Nf6 22. Qd3 Be6 23. Rfb1 ({Better is} 23. Nc1 $16 Rb2 24. Qd6) 23... Bc4 $14 24. Qd1 {White wants to play Ng3.} Rxb1 (24... Rb8 $1 $11 {remains equal.} 25. Rxb3 Qxb3 26. Qxb3 Rxb3) 25. Rxb1 $16 Bxe2 {[#]} 26. Qe1 $1 {[#]} Bb5 $1 {[%mdl 512]} 27. c4 {[%mdl 64] Pin} (27. axb5 axb5) 27... Qd7 (27... Rb8 $142) 28. axb5 axb5 29. cxb5 cxb5 30. Rd1 Qc7 31. Qb4 Rb8 32. Rd6 Nd7 33. h3 h6 34. Rd5 Nf8 35. Rd6 Nd7 $1 36. Kh2 Kh7 37. Ra6 {aiming for c6.} Rc8 {[%cal Rd7c5]} 38. Ra2 Qc6 39. Rb2 $36 {[%mdl 2048] White is really pushing.} Rb8 40. Rd2 ({White should play} 40. Qb3) 40... Qc7 41. Ra2 Rb7 ({Black should try} 41... Nf8 $14) 42. Ra6 {c6 is the strong threat.} Rb8 $2 (42... Nb8 $16 {might work better.} 43. Rb6 Qd7) 43. c6 $18 Nf6 44. Qc5 {Strongly threatening Ra7.} Ne8 45. Bd2 Qc8 46. Ra7 (46. Qxe5 Qxa6 47. Qxb8 Qxc6 $14) 46... Qe6 47. Ba5 Rc8 48. Ra6 $2 ({Weaker is} 48. Qxb5 Rxc6 49. Re7 Qxe7 $11) (48. c7 $18 {is the precise move to win.}) 48... Qf6 $16 49. Kh1 ({Much worse is} 49. Qxb5 $6 Qf4+ 50. Kg1 Qe3+ 51. Kh1 Qc1+ 52. Kh2 Qf4+ 53. Kg1 Qe3+ 54. Kh2 Qf4+ $11) 49... Qg5 $2 (49... b4 $16 {was necessary.}) 50. c7 $18 b4 (50... Nxc7 $142 51. Bxc7 f6) 51. Rc6 b3 {[#] intending ...Nxc7.} 52. Qc3 $1 Nf6 $2 (52... Nxc7 53. Rxc7 (53. Bxc7 Qe7 $11) 53... Rb8) 53. Qxb3 Qe3 {Accuracy: White = 77%, Black = 53%.} 1-0

[Event "VII Sunway Sitges Open 2020"]
[Site "Sitges"]
[Date "2020.12.17"]
[Round "5.11"]
[White "Garcia Ramos, Daniel"]
[Black "Flom, Gabriel"]
[Result "1/2-1/2"]
[WhiteElo "2380"]
[BlackElo "2499"]
[Annotator "TA"]
[PlyCount "135"]
[EventDate "2020.12.13"]
[EventType "swiss"]
[EventCountry "ESP"]
[SourceTitle "playchess.com"]
[Source "ChessBase"]
[SourceQuality "1"]

{[%evp 16,135,19,0,18,27,31,13,17,15,20,28,32,25,37,27,28,31,27,26,32,26,46,0,0,-20,0,-8,-5,-15,-8,-11,-9,-16,-5,-5,-8,-16,-42,-59,0,0,0,0,87,0,0,-37,-37,-45,-54,-74,-50,-119,-121,-169,-169,-154,-153,-195,-184,-245,-236,-212,-5,-131,-136,-129,-105,-200,-209,-191,-154,-123,-95,-102,-102,-210,-106,-104,-100,-85,-91,-103,-77,-77,-77,-82,-36,-46,0,-12,-3,-12,-4,-12,-8,-12,0,0,0,-12,-12,-12,-12,-12,-12,-12,0,-8,0,-74,0,-9,-9,-9,-9,-20,-20,-20,0,0]} 1. e4 c5 2. Nf3 Nc6 3. d4 cxd4 4. Nxd4 Nf6 5. Nc3 d6 6. Be2 g6 7. Be3 Bg7 8. O-O {8.Qd2 is the fancy move.} O-O 9. a4 Bd7 {B73: Sicilian Dragon: Classical System without 9 Nb3.} 10. Qd2 a6 11. Rfd1 Rc8 12. Nxc6 Rxc6 {[#]} 13. Bd4 $146 ({Predecessor:} 13. f3 Qc7 14. Bd3 Be6 15. Ne2 Nd7 16. Nd4 Bxd4 17. Bxd4 Ne5 18. Re1 f6 19. a5 {½-½ (30) Ilonen,I (2328)-Yloenen,O (2427) ICCF email 2017}) 13... e5 14. Be3 Qc7 15. f3 Rc8 16. a5 Be6 17. Qe1 Nh5 18. Bf1 f5 19. Ra4 Nf6 20. h3 f4 21. Bf2 g5 22. Bd3 Qf7 23. Nd5 Nxd5 (23... Bxd5 $6 24. exd5 Rxc2 25. Bf5 $16) 24. exd5 Bxd5 {[#]} 25. c4 $1 {[%mdl 512]} Bxc4 26. Bxc4 Rxc4 27. Rxc4 Rxc4 (27... Qxc4 $15 28. Rxd6 e4 29. Qxe4 Qxe4 30. fxe4 Bxb2) 28. Rxd6 $11 Qc7 29. Rd1 Qc6 (29... Bf6 $11) 30. Qd2 (30. b4 $1 $16) 30... Bf6 31. Qd3 (31. b3 $5 {[%cal Rb3c4]} Rc2 32. Qd3 $15) 31... e4 32. fxe4 Rxe4 33. Bb6 Qe6 $36 {[%mdl 2048] Black is more active.} 34. Kf2 (34. Kh2 $15) 34... h5 $17 35. Qd5 {[#]} Qxd5 $1 ({Not} 35... Bxb2 36. Qxg5+ Bg7 37. Rd8+ (37. Qxh5 Re5 $16) 37... Kh7 38. Qxh5+ Qh6 39. Qxh6+ (39. Qf5+ Qg6 $14) 39... Kxh6 40. Rd7 $16) 36. Rxd5 $19 {[%mdl 4096] Endgame KRB-KRB} Kf7 37. Kf3 Rb4 38. Rd7+ (38. Rd3 $142) 38... Ke6 39. Rxb7 Rb3+ $2 ({Worse is} 39... Bxb2 40. Ra7 $11) (39... Rxb2 $19 {White must now prevent ...Kf5.} 40. g4 fxg3 41. Kxg3 Kd5) 40. Ke2 (40. Ke4 $11) 40... Rxb2+ $17 ({But not} 40... Bxb2 $6 41. Ra7 $11) 41. Kf1 g4 42. Rh7 (42. hxg4 $17 {was the only chance.} hxg4 43. Ra7) 42... gxh3 $19 43. gxh3 Kf5 44. Rf7 {Threatens to win with Rxf6+!} Ke5 45. Rf8 Rc2 {aiming for ...Bh4.} 46. Ba7 (46. Bd4+ $17 {only move.} Kxd4 47. Rxf6) 46... Ra2 (46... Rc6 $19 47. Ke2 Ke4 48. Re8+ Be5) 47. Bb8+ $17 Ke6 48. Bxf4 Rxa5 49. Ke2 Ra3 50. Be3 a5 51. Rb8 Ra2+ 52. Kd3 a4 53. Rb6+ Kf7 54. Rb7+ Ke8 55. Ra7 Ra1 56. Bc5 h4 57. Ra6 Bb2 58. Kc2 a3 {Strongly threatening ...Rc1+.} 59. Kb3 Rh1 60. Re6+ Kf7 61. Re3 {Cut Off at move 61} Kg6 62. Rf3 Re1 63. Rf4 {[#]} (63. Bxa3 $11 {keeps the balance.} Bxa3 64. Kxa3) 63... Rc1 ({Black should play} 63... Re2 $1 $17 {Hoping for ...a2!} 64. Rxh4 a2 65. Rg4+ Kf5 66. Kxa2 Bd4+ 67. Kb3 Bxc5) 64. Bf2 {The position is equal.} Be5 65. Rg4+ Kf5 66. Kxa3 Rc3+ 67. Kb4 Rxh3 68. Rxh4 {And White is the lucky defender.  Weighted Error Value: White=0.20/Black=0.21} 1/2-1/2

[Event "VII Sunway Sitges Open 2020"]
[Site "Sitges"]
[Date "2020.12.17"]
[Round "5.12"]
[White "Yu, Jennifer"]
[Black "Narciso Dublan, Marc"]
[Result "0-1"]
[WhiteElo "2315"]
[BlackElo "2492"]
[Annotator "TA"]
[PlyCount "92"]
[EventDate "2020.12.13"]
[EventType "swiss"]
[EventCountry "ESP"]
[SourceTitle "playchess.com"]
[Source "ChessBase"]
[SourceQuality "1"]

{[%evp 9,92,17,47,37,45,41,60,45,60,-9,-7,-7,0,0,0,-18,-21,-33,-31,-33,-36,-70,-57,-50,-42,-44,-35,-52,-56,-37,-50,-53,-27,-84,-39,-51,-31,-34,-16,-68,-8,-15,-14,-8,0,0,0,0,0,0,0,0,0,0,0,-229,-258,-238,-235,-265,-260,-241,-245,-235,-227,-228,-244,-339,-391,-380,-350,-341,-330,-317,-310,-656,-649,-635,-627,-618,-603,-660,-654,-628,-627]} 1. Nf3 d6 2. d4 Bg4 3. e4 Nf6 4. Nbd2 e6 5. Bd3 Be7 6. O-O {A41: 1 d4 d6: Tartakower System and Modern Defence.} O-O 7. c3 Nfd7 {[#]} 8. Qb3 $146 {White is slightly better.} ({Predecessor:} 8. Nc4 c5 9. Bf4 cxd4 10. cxd4 Nc6 11. Be2 Nf6 12. d5 exd5 13. exd5 Nb4 14. Ne3 {0-1 (48) Utkin,A (2368)-Orlinkov,M (2399) St Petersburg 2002}) 8... Qc8 9. e5 (9. Qc2 $14) 9... dxe5 $11 10. Nxe5 Nxe5 11. dxe5 Nc6 12. Nc4 Rd8 13. Qc2 Bf5 14. Be4 Qd7 15. Bf4 Bxe4 16. Qxe4 Qd3 17. Qxd3 Rxd3 18. Rfd1 Rad8 19. Rxd3 Rxd3 20. a4 g5 21. Bg3 (21. Be3 $11 {remains equal.}) 21... Kg7 22. Kf1 Kg6 23. Ke2 Rd5 24. b4 (24. Ne3 $11 Rd7 25. Nc4) 24... b6 (24... h5 $15 25. h3 Bf8) 25. Ne3 Rd8 26. f4 gxf4 27. Bxf4 a5 28. b5 Nb8 29. Rf1 Nd7 30. Rf3 $1 {[%cal Rf3g3]} h5 31. Rg3+ Kh7 32. Bg5 $2 {Black keeps a firm grip on the game.} (32. Rh3 $1 $11) 32... Bxg5 $19 33. Rxg5 {[%mdl 4096] Endgame KRN-KRN} Kh6 34. h4 Nc5 35. g4 Nxa4 36. Rxh5+ Kg7 37. Nd1 Nc5 {Strongly threatening ...a4.} 38. Nf2 a4 39. Rg5+ Kf8 {Hoping for ...a3.} 40. h5 {[#]} Ke7 $1 {...a3 is the strong threat.} 41. h6 {[#]} Rh8 $1 {aiming for ...a3.} 42. Nd3 $2 (42. h7 Kf8 43. Kd2) 42... Ne4 {Black is clearly winning.} 43. Rg7 Rxh6 44. Rg8 Nxc3+ 45. Ke3 Nxb5 46. Ra8 Rh3+ {Weighted Error Value: White=0.34/Black=0.08} 0-1

[Event "VII Sunway Sitges Open 2020"]
[Site "Sitges"]
[Date "2020.12.17"]
[Round "5.13"]
[White "Carbonell Sancho, Marc"]
[Black "Niemann, Hans Moke"]
[Result "0-1"]
[WhiteElo "2274"]
[BlackElo "2472"]
[Annotator "TA"]
[PlyCount "96"]
[EventDate "2020.12.13"]
[EventType "swiss"]
[EventCountry "ESP"]
[SourceTitle "playchess.com"]
[Source "ChessBase"]
[SourceQuality "1"]

{[%evp 9,96,41,43,35,39,36,41,36,39,29,47,34,30,39,45,42,37,45,47,40,33,0,14,-2,-7,-4,-10,-13,20,0,0,0,0,-15,19,0,-5,-104,-105,-91,-85,-157,-65,-203,-197,-223,-212,-225,-220,-487,-461,-782,-232,-233,-225,-212,-205,-244,-210,-291,-308,-624,-640,-435,-749,-791,-773,-699,-788,-741,-708,-703,-715,-796,-922,-914,-867,-787,-747,-5493,-5306,-5322,-1004,-980,-978,-931,-906,-862,-839]} 1. e4 e5 2. Nf3 Nc6 3. Bc4 Nf6 4. d3 h6 5. c3 d6 6. a4 {C55: Two Knights: 4 d3, 4 d4 exd4 5 e5 and Max Lange Attack.} g6 7. O-O Bg7 8. Re1 {White is slightly better.} O-O 9. Nbd2 a6 10. a5 Be6 {[#]} 11. Bxe6 $146 ({Predecessor:} 11. Nf1 Re8 12. Qb3 Rb8 13. Ne3 Bxc4 14. Qxc4 Qd7 15. h3 Rbd8 16. Nd5 Nxd5 17. Qxd5 {0-1 (65) Chigaev,M (2588)-Kamsky,G (2674) chess.com INT 2020}) 11... fxe6 12. d4 exd4 13. Nxd4 Qd7 14. Nxc6 Qxc6 15. Qa4 Nd7 16. Nb3 Ne5 17. f3 g5 $40 {[%mdl 128] White needs to defend precisely.} 18. Nd4 Qe8 19. Qb3 Qf7 20. Be3 c5 21. Ne2 Nd3 22. Red1 {[#]} c4 $1 {[%mdl 512]} 23. Qa3 (23. Qb6 $11 {keeps the balance.}) (23. Qxc4 Nxb2) 23... d5 $1 $17 24. Ng3 Qg6 25. Bd4 (25. Rf1 $142) 25... g4 (25... Bxd4+ $17 26. cxd4 g4 27. fxg4 Qxg4) 26. fxg4 {This move loses the game for White.} ({White must play} 26. Bxg7 $15 Qxg7 27. Qd6 gxf3 28. Qxe6+ Kh7 29. Qxd5) 26... Qg5 $19 {White must now prevent ...Bxd4+.} (26... Qxg4 27. Bxg7 Qxg7 28. Qd6 $11) 27. h3 Be5 $1 {[%cal Re5g3]} 28. Nh5 dxe4 {Threatens to win with ...e3.} 29. Rf1 $2 (29. Bxe5 Qxe5 30. Rf1) 29... e3 30. Bxe5 (30. Rxf8+ $142 Rxf8 31. Qa4 Bxd4 32. Qxc4 e2+ 33. Qxd4 e1=Q+ 34. Rxe1 Nxe1 35. Qe4 Nxg2 36. Kxg2 Qd2+ {[%mdl 64] Double Attack} 37. Kg1 Qc1+ 38. Kh2 Qxb2+ 39. Kg1 Qf2+ 40. Kh1 Qf3+ 41. Qxf3 Rxf3 42. Kg2 Rxc3 43. Nf6+ Kg7 44. Nh5+ Kf7 45. Nf4) 30... Qxe5 $2 (30... Nxe5 31. Qd6 $17) (30... Rxf1+ 31. Rxf1 e2) 31. Qe7 Nf2 $1 ({Weaker is} 31... e2 32. Rf6 $1 $11 {[%mdl 512]}) 32. Rae1 {aiming for Rxe3!} Rf7 33. Qh4 {White wants to play Qg3.} Raf8 34. Qg3 {[#]} Qc5 $1 {Hoping for ...e2.} 35. Kh2 $2 (35. Qxe3 Nxh3+ 36. Kh2 Qxe3 {[%mdl 64] Overworked Piece} 37. Rxe3 Rxf1 38. Kxh3) 35... Ne4 {[%mdl 64] Discovered Attack. Black is clearly winning.} 36. Rxf7 Nxg3 37. Rxf8+ Qxf8 38. Nxg3 {[%mdl 4096] Endgame KQ-KRN} Qf4 39. Re2 Kh7 40. h4 h5 41. Re1 hxg4 42. Re2 e5 43. h5 Kg8 44. h6 Kf7 45. Re1 Ke6 (45... Qf6 $142 46. Rf1 {[#]} Qxf1 $1 {[%mdl 576] Deflection, Promotion} 47. Nxf1 e2) 46. h7 Qh6+ {[%mdl 64] Double Attack} 47. Kg1 Qxh7 48. Rxe3 Qb1+ {Accuracy: White = 53%, Black = 75%.} 0-1

[Event "VII Sunway Sitges Open 2020"]
[Site "Sitges"]
[Date "2020.12.17"]
[Round "5.14"]
[White "Antova, Gabriela"]
[Black "Sochacki, Christophe"]
[Result "0-1"]
[WhiteElo "2247"]
[BlackElo "2469"]
[Annotator "TA"]
[PlyCount "102"]
[EventDate "2020.12.13"]
[EventType "swiss"]
[EventCountry "ESP"]
[SourceTitle "playchess.com"]
[Source "ChessBase"]
[SourceQuality "1"]

{[%evp 15,102,25,21,17,35,29,22,0,35,14,33,26,26,0,0,-52,0,-20,-22,-31,-2,-38,0,-56,-9,-20,48,41,109,114,204,191,195,16,29,0,5,0,3,-14,-13,-10,157,-14,-11,-59,0,0,27,19,147,-164,71,0,12,-33,89,-248,-251,-380,-341,-316,-146,-146,-64,-80,-73,-94,-49,-54,-47,-50,-29,-108,-95,-167,-154,-29947,-29948,-29946,-29942,-10891,-8686,-6079,-6079,-5390,-5181,-29979,-29976]} 1. d4 f5 2. c4 Nf6 3. g3 g6 4. Bg2 Bg7 5. Nh3 O-O 6. O-O d6 7. d5 Na6 8. Nc3 Nc5 9. Be3 {A86: Dutch Defence: Leningrad System: Unusual lines and 5 Nh3.} e5 10. dxe6 Nxe6 11. Rc1 {The position is equal.} Ng4 12. Bd2 c6 13. b3 Qe7 14. Nf4 Nc5 15. Qc2 (15. h3 $11 Nf6 16. b4) 15... Bd7 {[#]} (15... g5 $15 16. Nd3 f4 $1 {[%mdl 512]}) 16. Rcd1 $146 ({Predecessor:} 16. b4 Ne6 17. e3 Ne5 18. Nce2 Ng5 19. Bc3 Ne4 20. Bd4 a6 21. Nc3 Nxc3 22. Qxc3 {1-0 (48) Skembris,S (2451)-Bluebaum,K (2250) Paderborn 2006}) 16... g5 17. Nd3 Ne6 18. Qc1 f4 19. Rde1 (19. gxf4 $11 gxf4 20. h3) 19... Rf7 20. Ne4 Nd4 (20... Raf8 $11) 21. gxf4 $14 gxf4 (21... Bf5 $1 $14 22. Ng3 (22. Nxg5 Nxe2+ 23. Rxe2 Qxe2 $17) 22... Bxd3 23. exd3 Qd7) 22. Bxf4 $16 d5 (22... Ne5 $16 {was worth a try.} 23. Bg3 Re8) 23. cxd5 $18 cxd5 24. Ng3 $2 (24. Nd6 $1 $18) 24... Rc8 $11 (24... Qh4 $2 25. h3 $18) 25. Qd1 {e3 is the strong threat.} Nc2 $1 $132 {[%cal Rc2e1][%mdl 2048] Black is fighting back} (25... Qh4 $2 26. h3 $18) 26. Bxd5 {[%mdl 64] Double Attack} Be6 $1 {[%cal Re6d5]} 27. Bxe6 Qxe6 28. e3 {Black must now prevent Re2.} Rd7 $2 (28... Nxe1 $11 29. Qxe1 Rd7) 29. Qe2 $2 (29. Re2 $16 Nb4 30. Rd2 (30. Nxb4 Rxd1 31. Rxd1 Kh8 $14)) 29... Nxe1 30. Rxe1 b6 ({Black should try} 30... Qg6 $15 31. Rc1 Rxc1+ 32. Nxc1 h5) 31. e4 Rcd8 32. Nf5 h5 (32... Ne5 $11 33. Nxe5 Bxe5) 33. Nb2 $2 {[%mdl 8192]} (33. h3 $1 $16) 33... Kh7 $2 ({Black should play} 33... Bc3 $1 $19 {[%cal Rc3e1]} 34. Rb1 Re8) 34. Nc4 (34. h3 $16 Bh6 35. Nxh6 Nxh6 36. Qxh5) 34... Qg6 {Threatens to win with ...Bc3.} 35. Kh1 b5 (35... Bd4 $15 {keeps the upper hand.} 36. Nxd4 Rxd4) 36. Na3 $2 {[%mdl 8192]} (36. Ncd6 $1 $16) 36... Bc3 $19 37. Rg1 {[#]} (37. Rf1 $142 Be5 38. Bxe5 Nxe5 39. Nb1 (39. Rg1 $2 Ng4 $19)) 37... Rd1 $3 {[%cal Rd1g1][%mdl 512]} 38. Bg3 (38. Qxd1 Nxf2#) 38... Rxg1+ (38... R1d2 $1 $19 {[%cal Rd2e2]} 39. Qxb5 Rxf2) 39. Kxg1 $17 {[#]} a6 (39... Nxf2 $1 $17 {[%mdl 512] Hoping for ...Rd1+.} 40. Nxb5 (40. Kxf2 $2 Rd2 $19) (40. Qxf2 $2 Rd1+ 41. Kg2 Rd2 $19) (40. Qxf2 Rd1+) 40... Rd2) 40. Nb1 Bf6 {Strongly threatening ...h4!} 41. h4 Be5 42. Nd2 $1 Bxg3 43. Nxg3 Qd6 44. Ndf1 (44. Nf3 $11) 44... Qd1 {[%mdl 1024] Black has strong compensation.} 45. Qb2 {[#]} (45. f3 $17 {was called for.} Ne5 46. f4 Qxe2 47. Nxe2 Nf3+ 48. Kf2 Nxh4 49. f5) 45... Rf8 $1 $19 {[%cal Rf8f2]} 46. Nf5 $2 (46. Qc3 $17) 46... Rg8 47. N5g3 {[#]} Ne3 $1 {[%mdl 576] Deflection} 48. fxe3 Rxg3+ $1 49. Kh2 Rf3 50. Ng3 {[#]} Qe1 $1 {[%mdl 576] Double Attack} 51. Qe5 Qf2+ {[%mdl 64] Double Attack. Both players deserved the win here.  Weighted Error Value: White=0.75/Black=0.39} 0-1